Statistics for Harry Potter Quiz - Difficult

Click here to take the quiz!

General Stats

  • This quiz has been taken 163 times
  • The average score is 7 of 12

Answer Stats

Hint Answer % Correct
What is Voldemort's middle name?Marvolo
96%
How many times must you walk in front of the Room of Requirement?3
95%
What is the portkey that everyone takes to the Quidditch World Cup?An Old Boot
77%
What is Barty Crouch's house elf's name?Winky
71%
What is Dumbledore's full name?Albus Percival Wulfric Brian Dumbledore
65%
What page does Snape ask Harry to turn to in book 3?394
63%
What animal does Ginny have?Pygmy Puff
60%
What password does Professor McGonagall use to enter Dumbledore's office in book 2?Sherbet Lemon
48%
How long is Harry Potter's wand?11 inches
43%
What name is on the inside of Ron's copy of Advanced Potion-making?Roonil Wazlib
23%
Where do Harry and Cho go on their date in Hogsmeade?Madam Puddifoot's Tea Shop
18%
What does Hermione call a 'load of waffle'?Umbridge's speech
6%

Score Distribution

Percentile by Number Answered

Percent of People with Each Score

Your Score History

You have not taken this quiz